00386cam a2200145 a 4500001000800000005001700008008004100025040001800066082002000084100002000104245004700124260004400171300001500215650001000230439239020231128003321.0911017s1991 ii b 000 0 eng  aDLCcDLCdDLC 222a305.4bUPA.1 aUpadhyay, H. C.10aStatus of women in India /cH.C. Upadhyay. aNew Delhi :bAnmol Publications,c1991. aV, 280 p. 0aWomen